The impact of globlization on small-scale industries/ (Record no. 34844)

MARC details
000 -LEADER
fixed length control field 00911nam a22002417a 4500
005 - DATE AND TIME OF LATEST TRANSACTION
control field 2010032307007.0
008 - FIXED-LENGTH DATA ELEMENTS--GENERAL INFORMATION
fixed length control field 100323t xxu||||| |||| 00| 0 eng d
010 ## - LCCN (DPL NO)
LC control number ENG-95925
020 ## - INTERNATIONAL STANDARD BOOK NUMBER
International Standard Book Number 9788184840353
Terms of availability 950.00
020 ## - INTERNATIONAL STANDARD BOOK NUMBER
International Standard Book Number 9788184840353
Terms of availability 950.00
035 ## - SYSTEM CONTROL NUMBER
System control number EN-79458
037 ## - SOURCE OF ACQUISITION
Source of stock number/acquisition DBAD/PUB
040 ## - CATALOGING SOURCE
Original cataloging agency DPL
082 ## - DEWEY DECIMAL CLASSIFICATION NUMBER
Classification number 338.642
100 ## - MAIN ENTRY--PERSONAL NAME
Personal name Gumma, Vijay Nagesh
245 ## - TITLE STATEMENT
Title The impact of globlization on small-scale industries/
Statement of responsibility, etc by Vijay Nagesh Gumma
260 ## - PUBLICATION, DISTRIBUTION, ETC. (IMPRINT)
Place of publication, distribution, etc New Delhi
Name of publisher, distributor, etc Regal Publications
Date of publication, distribution, etc 2009
270 ## - ADDRESS
Address F-159, Rajouri Garden
City New Delhi
Postal code 110027
300 ## - PHYSICAL DESCRIPTION
Extent xiv, 265p. :
Dimensions 24 cm. (Hb)
500 ## - GENERAL NOTE
General note Includes bibliographical reference and index
942 ## - ADDED ENTRY ELEMENTS (KOHA)
Source of classification or shelving scheme Dewey Decimal Classification
Item type English Books
Call number suffix GUM
Classification part 338.642
Holdings
Withdrawn status Lost status Source of classification or shelving scheme Materials specified (bound volume or other part) Damaged status Not for loan Collection code Home library Current library Date acquired Source of acquisition Cost, normal purchase price Total Checkouts Full call number Barcode Date last seen Copy number Cost, replacement price Koha item type
    Dewey Decimal Classification Hb   Not For Loan Non-fiction D.B.Act.Division D.B.Act.Division 23/02/2010 DBAD/PUB 950.00   338.642 GUM EN-79458 23/03/2010 1 950.00 English Books

© Delhi Public Library
Hit Counter
free hit counter